[Event "Fast Game"]
[Site "www.echecsemail.com"]
[Date "2015.07.20"]
[Round "1"]
[White "Attatroll"]
[Black "Lena"]
[WhiteElo "1770"]
[BlackElo "1599"]
[Result "1-0"]
[Round "1"]
1.e4 e5
2.f4 exf4
3.Ng1f3 g5
4.Bf1c4 Bf8g7
5.c3 d6
6.d4 h6
7.O-O Nb8c6
8.Qd1b3 Qd8e7
9.Nb1d2 Ng8f6
10.h3 O-O
11.Rf1e1 Nc6a5
12.Qb3a4 Na5xc4
13.Qa4xc4  { time }
1-0

[Event "Fast Game"]
[Site "www.echecsemail.com"]
[Date "2015.07.20"]
[Round "1"]
[White "Farnation"]
[Black "Culiflori"]
[WhiteElo "1420"]
[BlackElo "1599"]
[Result "0-1"]
[Round "1"]
1.e4 e5
2.Ng1f3 Nb8c6
3.Bf1c4 Ng8f6
4.Nb1c3 Bf8c5
5.O-O d6
6.g4 Nf6xg4
7.Nf3h4 Qd8xh4
8.d4 Nc6xd4
9.Nc3e2 Qh4xh2
{ resign }
0-1

[Event "Fast Game"]
[Site "www.echecsemail.com"]
[Date "2015.07.20"]
[Round "1"]
[White "Creepypasta"]
[Black "Attatroll"]
[WhiteElo "1599"]
[BlackElo "1780"]
[Result "0-1"]
[Round "1"]
1.d4 f5
2.Nb1c3 Ng8f6
3.Bc1g5 g6
4.f3 Bf8g7
5.e4 fxe4
6.fxe4 d6
7.Ng1f3 O-O
8.Bf1c4 Kh8
9.Qd1e2 Nb8c6
10.O-O-O Bc8g4
11.Kb1 e5
12.dxe5 Nc6xe5
13.Bc4b3 Qd8e8
14.Rd1f1 Qe8c6
{ time. }
0-1

[Event "Fast Game"]
[Site "www.echecsemail.com"]
[Date "2015.07.20"]
[Round "1"]
[White "Dominiquer"]
[Black "Pellix84"]
[WhiteElo "1489"]
[BlackElo "1550"]
[Result "0-1"]
[Round "1"]
1.e4 c6
2.d4 d5
3.Nb1c3 dxe4
4.Nc3xe4 Bc8f5
5.Bf1d3 e6
6.Ng1f3 Ng8f6
7.Bc1g5 Qd8a5
8.Bg5d2 Qa5d5
9.Ne4xf6 gxf6
10.Bd3xf5 Qd5xf5
11.O-O Nb8d7
12.c4 Rh8g8
13.g3 Bf8d6
14.c5 Bd6c7
15.b4 e5
16.Rf1e1 O-O-O
17.Nf3h4 Qf5d3
18.Bd2e3 Qd3c4
19.Nh4f5 Rd8e8
20.a3 Qc4e6
21.Nf5d6 Bc7xd6
22.cxd6 Qe6xd6
23.dxe5 Qd6xe5
24.Be3xa7 Qe5c3
25.Re1xe8 Rg8xe8
26.Qd1h5 Qc3xa1
{ resign }
0-1

[Event "Fast Game"]
[Site "www.echecsemail.com"]
[Date "2015.07.20"]
[Round "1"]
[White "Culiflori"]
[Black "Pellix84"]
[WhiteElo "1599"]
[BlackElo "1550"]
[Result "1-0"]
[Round "1"]
1.e4 c6
2.d4 d5
3.Nb1c3 dxe4
4.Nc3xe4 Bc8f5
5.Ne4g3 Bf5g6
6.h4 h6
7.Ng1f3 Nb8d7
8.h5 Bg6h7
9.Bf1d3 Bh7xd3
10.Qd1xd3 e6
11.Bc1d2 Ng8f6
12.O-O-O Bf8e7
13.Ng3e4 Nf6xe4
14.Qd3xe4 Nd7f6
15.Qe4e2 b5
16.Bd2f4 Nf6d5
17.Bf4g3 Qd8a5
18.Kb1 Nd5b4
19.a3 Nb4d5
20.Qe2d2 b4
21.Nf3e5 Qa5a6
22.Qd2d3 Nd5c3
23.bxc3 Qa6xa3
24.cxb4 Qa3xb4
25.Qd3b3 Ra8b8
26.Qb3xb4 Rb8xb4
27.Kc1 Rb4b6
28.Kd2 O-O
29.Ne5d7 { resign }
1-0

[Event "Fast Game"]
[Site "www.echecsemail.com"]
[Date "2015.07.20"]
[Round "1"]
[White "Attatroll"]
[Black "Yangqi"]
[WhiteElo "1780"]
[BlackElo "1609"]
[Result "0-1"]
[Round "1"]
1.d4 Ng8f6
2.c4 g6
3.Nb1c3 d5
4.Bc1g5 Nf6e4
5.Nc3xe4 dxe4
6.e3 Bf8g7
7.Ng1e2 c5
8.Qd1a4 Bc8d7
9.Qa4c2 cxd4
10.Qc2xe4 Qd8a5
11.Kd1 Bd7a4
12.Kc1 Qa5e1

0-1

[Event "Fast Game"]
[Site "www.echecsemail.com"]
[Date "2015.07.20"]
[Round "1"]
[White "Pellix84"]
[Black "Yangqi"]
[WhiteElo "1550"]
[BlackElo "1609"]
[Result "0-1"]
[Round "1"]
1.d4 Ng8f6
2.c4 g6
3.g3 c6
4.Bf1g2 d5
5.h3 Bf8g7
6.Nb1c3 O-O
7.e4 dxc4
8.e5 Nf6d5
9.Ng1e2 Bc8e6
10.O-O Nb8a6
11.a3 Na6c7
12.g4 f5
13.gxf5 Be6xf5
14.f4 Qd8d7
15.Kh2 Bf5d3
16.Rf1f3 Bg7h6
17.Bg2f1 Nc7e6
18.Nc3xd5 cxd5
19.f5 Rf8xf5
20.Rf3xf5 Bh6xc1
21.Rf5f3 Bc1xb2
22.Ra1a2 Bd3xe2
23.Bf1xe2 Bb2xd4
24.Kh1 Qd7c6
25.Ra2d2 c3
26.Rf3xc3 Bd4xc3
27.Rd2xd5 Ne6f4
28.Be2f3 Qc6c7
29.Rd5d7 Qc7xe5
30.Qd1b3 Kg7
31.Qb3xb7 Qe5e1
32.Kh2 Qe1f2
33.Kh1 Qf2f1
34.Kh2 Qf1xh3
35.Kg1 Qh3g3
36.Kh1 Qg3e1
37.Kh2 Qe1f2
38.Kh1 Ra8b8
39.Rd7xe7 Kh6
40.Re7xh7 Kg5
41.Qb7e7 Bc3f6
{ resign }
0-1

[Event "Fast Game"]
[Site "www.echecsemail.com"]
[Date "2015.07.20"]
[Round "1"]
[White "Uji40"]
[Black "Pellix84"]
[WhiteElo "1460"]
[BlackElo "1550"]
[Result "0-1"]
[Round "1"]
1.e4 c6
2.d4 d5
3.Nb1c3 dxe4
4.Nc3xe4 Bc8f5
5.Ne4c5 Qd8b6
6.Ng1f3 e6
7.Bf1d3 Bf8xc5
8.dxc5 Qb6xc5
9.O-O Ng8e7
10.Rf1e1 O-O
11.a3 a5
12.Bc1e3 Qc5d6
13.Bd3xf5 Ne7xf5
14.h3 h6
15.Be3c1 Rf8d8
16.Bc1d2 Nb8d7
17.Bd2c3 Nd7b6
18.b3 Nb6d5
19.Bc3b2 Qd6c5
20.c4 Nd5f4
21.Qd1c2 Nf4d3
22.Re1f1 Nf5g3
23.Rf1d1 Ng3e4
24.Rd1xd3 Rd8xd3
25.Qc2xd3 Qc5xf2
26.Kh1 Qf2xb2
27.Ra1f1 Ne4g3
28.Kh2 Ng3xf1
29.Qd3xf1 Qb2xa3
30.Nf3e5 f6
31.Ne5f3 Qa3xb3
32.Qf1e2 e5
33.c5 a4
34.Qe2d2 a3
35.Qd2d7 a2
36.Nf3h4 a1Q
37.Nh4g6 Qa1a2
38.Qd7f5 Qb3b2
39.Ng6h4 Qb2c2
40.Qf5d7 Qc2f2
41.Qd7g4 Qa2a4
42.Qg4e6 Kh7
43.Nh4f5 Qa4f4
44.Nf5g3 Qf4xg3
45.Kh1 Qf2f1
{ resign }
0-1

[Event "Fast Game"]
[Site "www.echecsemail.com"]
[Date "2015.07.20"]
[Round "1"]
[White "Fkarpov"]
[Black "Attatroll"]
[WhiteElo "1830"]
[BlackElo "1780"]
[Result "1-0"]
[Round "1"]
1.d4 f5
2.e3 Ng8f6
3.Ng1f3 g6
4.Nb1c3 Bf8g7
5.Bf1c4 d5
6.Bc4b3 e6
7.O-O O-O
8.h3 c6
9.Bc1d2 Nb8d7
10.Rf1e1 Nf6e4
11.Nc3xe4 fxe4
12.Nf3h2 Qd8f6
13.Re1f1 Kh8
14.Bd2b4 Rf8d8
15.Nh2g4 Qf6f7
16.f3 exf3
17.Rf1xf3 Qf7e8
18.Ng4e5 Nd7xe5
19.dxe5 Bc8d7
20.Qd1d2 Qe8g8
21.Ra1f1 b6
22.Bb4e7 Rd8e8
23.Be7f6 Bg7xf6
24.exf6 Qg8f7
25.Qd2f2 a5
26.c3 a4
27.Bb3c2 c5
28.a3 Bd7c6
29.Qf2h4 Re8g8
30.e4 e5
31.Qh4e1 d4
32.cxd4 cxd4
33.Qe1b4 b5
34.Qb4c5 Ra8c8
35.Qc5xe5 Rg8e8
36.Qe5xd4 Re8d8
37.Qd4e3 Qf7c4
38.Qe3h6 Rc8c7
39.f7 Qc4c5
40.Kh1 Rd8f8
41.Rf3f6 Rc7c8
42.Rf6xg6 Qc5e7
43.Qh6g7 
1-0

[Event "Fast Game"]
[Site "www.echecsemail.com"]
[Date "2015.07.20"]
[Round "1"]
[White "Yangqi"]
[Black "Cristiano"]
[WhiteElo "1609"]
[BlackElo "1529"]
[Result "1-0"]
[Round "1"]
1.e4 c5
2.f4 d6
3.Ng1f3 a6
4.a4 e6
5.d4 cxd4
6.Nf3xd4 Nb8c6
7.Nb1c3 Ng8f6
8.Bf1e2 Bf8e7
9.Bc1e3 Bc8d7
10.Qd1d2 e5
11.Nd4xc6 Bd7xc6
12.Be2f3 O-O
13.O-O Ra8c8
14.f5 Rc8b8
15.a5 Qd8d7
16.g4 g6
17.g5 Nf6e8
18.f6 Be7d8
19.Qd2f2 Bc6b5
20.Rf1d1 Bb5c4
21.b3 Bc4e6
22.Nc3d5 Kh8
23.c4 Be6xd5
24.exd5 Qd7f5
25.Qf2g2 h5
26.b4 Qf5d7
27.Bf3e2 b6
28.b5 bxa5
29.bxa6 a4
30.c5 dxc5
31.Be3xc5 Ne8d6
32.Rd1b1 Bd8c7
33.Qg2f1 Rf8d8
34.a7 Rb8a8
35.Rb1b4 Kh7
36.Rb4xa4 Qd7f5
37.Qf1xf5 Nd6xf5
38.Be2b5 Nf5d4
39.Bc5xd4 exd4
40.Bb5c6 d3
41.Bc6xa8 Bc7b6
42.Kf1 Rd8xa8
43.Ke1 Bb6e3
44.h4 Kg8
45.d6 Kf8
46.d7 Be3b6
47.Ra1b1 { resign }
1-0

[Event "Fast Game"]
[Site "www.echecsemail.com"]
[Date "2015.07.20"]
[Round "1"]
[White "Attatroll"]
[Black "Mitja"]
[WhiteElo "1780"]
[BlackElo "1590"]
[Result "0-1"]
[Round "1"]
1.d4 d5
2.c4 dxc4
3.Ng1f3 h6
4.e4 e6
5.Bf1xc4 c6
6.O-O Nb8d7
7.Nb1c3 Nd7b6
8.Bc4b3 Ng8f6
9.Rf1e1 Qd8c7
10.Bc1e3 Bc8d7
11.Ra1c1 Bf8b4
12.Be3d2 Bb4e7
13.Nc3b5 Qc7d8
14.Bd2a5 O-O
15.h3 cxb5
16.d5 exd5
17.exd5 Be7d6
18.Nf3e5 Rf8e8
19.Ne5xd7 Nf6xd7
20.Qd1d4 Ra8c8
21.Ba5c3 Re8xe1
22.Rc1xe1 f6
23.Bb3c2 Nd7f8
24.Qd4g4 Nb6xd5
25.Bc2e4 Nd5xc3
26.bxc3 b6
27.Be4d5 Kh8
28.Bd5e4 Rc8xc3
29.Be4f5 Qd8c7
30.g3 Bd6xg3
31.Re1e8 Rc3c1
32.Kg2 Qc7c6
33.f3 Qc6xe8
{ resign }
0-1

[Event "Fast Game"]
[Site "www.echecsemail.com"]
[Date "2015.07.20"]
[Round "1"]
[White "Mitja"]
[Black "Yangqi"]
[WhiteElo "1590"]
[BlackElo "1609"]
[Result "0-1"]
[Round "1"]
1.d4 Ng8f6
2.e3 g6
3.Ng1f3 Bf8g7
4.Bf1c4 d6
5.Bc4b3 O-O
6.c3 a5
7.a3 Nb8d7
8.Bb3a2 b5
9.b4 Bc8b7
10.bxa5 Ra8xa5
11.Nb1d2 c5
12.Bc1b2 e5
13.dxe5 dxe5
14.Ra1b1 c4
15.Bb2a1 Bb7xf3
16.Nd2xf3 Ra5xa3
17.Qd1d6 Ra3xa2
18.O-O Qd8b8
19.Qd6b4 e4
20.Nf3d4 Nf6g4
21.g3 Nd7e5
22.Qb4xb5 Qb8xb5
23.Rb1xb5 Ne5d3
24.f3 Ng4xh2
25.Rf1b1 Bg7xd4
26.exd4 Nh2xf3
27.Kh1 Ra2h2
{ resign }
0-1

[Event "Fast Game"]
[Site "www.echecsemail.com"]
[Date "2015.07.20"]
[Round "1"]
[White "Fangshuo1"]
[Black "Goodwill"]
[WhiteElo "1599"]
[BlackElo "1599"]
[Result "0-1"]
[Round "1"]
1.e4 c5
2.Ng1f3 g6
3.c3 Bf8g7
4.d4 cxd4
5.cxd4 d5
6.exd5 Ng8f6
7.Bf1b5 Nb8d7
8.Nb1c3 O-O
9.Bc1g5 Nd7b6
10.O-O Nb6xd5
11.Nc3xd5 Nf6xd5
12.Rf1e1 Bc8e6
13.a3 Qd8b6
14.Qd1d3 Rf8d8
15.b4 Ra8c8
16.Bb5c4 Nd5xb4
17.axb4 Be6xc4
18.Qd3e4 Bg7f6
19.Bg5xf6 exf6
20.Ra1b1 Bc4d5
21.Qe4f4 Bd5xf3
22.Qf4xf3 Rd8xd4
23.Re1d1 Rc8d8
24.Rd1xd4 Qb6xd4
25.h3 Rd8d7
{ resign }
0-1

[Event "Fast Game"]
[Site "www.echecsemail.com"]
[Date "2015.07.20"]
[Round "1"]
[White "Pellix84"]
[Black "Goodwill"]
[WhiteElo "1550"]
[BlackElo "1599"]
[Result "0-1"]
[Round "1"]
1.d4 Ng8f6
2.Ng1f3 e6
3.c4 Bf8b4
4.Nb1c3 c5
5.a3 Bb4xc3
6.bxc3 cxd4
7.cxd4 d5
8.e3 O-O
9.a4 b6
10.Bc1a3 Rf8e8
11.Nf3e5 Bc8b7
12.c5 bxc5
13.Ba3xc5 Qd8a5
14.Qd1d2 Qa5xd2
15.Kxd2 Nf6e4
16.Kd1 Ne4xf2
17.Kd2 Nf2xh1
18.Bf1b5 Re8d8
19.Ra1xh1 f6
20.Ne5d3 Bb7c6
21.Rh1a1 a6
22.Bb5xc6 Nb8xc6
23.Bc5b6 Rd8e8
24.g4 e5
25.Bb6c7 exd4
26.exd4 Nc6xd4
{ resign }
0-1

[Event "Fast Game"]
[Site "www.echecsemail.com"]
[Date "2015.07.20"]
[Round "1"]
[White "Goodwill"]
[Black "Mitja"]
[WhiteElo "1599"]
[BlackElo "1590"]
[Result "1-0"]
[Round "1"]
1.d4 d5
2.c4 dxc4
3.Ng1f3 e6
4.Qd1a4 c6
5.Qa4xc4 h6
6.e3 Ng8f6
7.Nb1c3 Nb8d7
8.Bf1e2 Nd7b6
9.Qc4b3 Nb6d5
10.O-O Nd5xc3
11.bxc3 Bf8e7
12.a4 O-O
13.Bc1a3 Be7xa3
14.Qb3xa3 Qd8c7
15.Nf3e5 Nf6d7
16.Qa3e7 Qc7d8
17.Qe7xd8 Rf8xd8
18.Ne5xd7 Bc8xd7
19.Be2f3 Ra8b8
20.a5 a6
21.Ra1b1 Bd7e8
22.Rb1b6 f6
23.Rf1b1 e5
24.Rb6xb7 Rb8xb7
25.Rb1xb7 exd4
26.cxd4 Rd8c8
27.g3 c5
28.dxc5 Rc8xc5
29.Rb7b8 Kf8
30.Rb8a8 Rc5xa5
31.Bf3c6 Ra5e5
32.Bc6xe8 Re5xe8
33.Ra8xa6 Kf7
34.Kg2 g5
35.g4 Re8e6
36.Ra6xe6 Kxe6
37.Kg3 Kf7
38.f4 Kg6
39.h4 gxh4
40.Kxh4 Kh7
41.Kh5 Kg7
42.e4 Kh7
43.e5 fxe5
44.fxe5 Kg7
45.e6 Kf6
46.Kxh6 Kxe6
47.Kg6 Ke7
48.Kg7 Ke8
49.g5 { resign }
1-0

[Event "Fast Game"]
[Site "www.echecsemail.com"]
[Date "2015.07.20"]
[Round "1"]
[White "Pellix84"]
[Black "Vitoriccardo"]
[WhiteElo "1550"]
[BlackElo "1469"]
[Result "1-0"]
[Round "1"]
1.e4 e6
2.d4 d5
3.e5 c5
4.Ng1f3 Bc8d7
5.a3 Nb8c6
6.c3 Qd8c7
7.Bf1e2 cxd4
8.cxd4 Ng8e7
9.O-O Ne7f5
10.Qd1d3 Bf8e7
11.b4 a6
12.Nb1d2 O-O
13.Nd2b3 Qc7b6
14.Nb3c5 Be7xc5
15.bxc5 Qb6c7
16.Be2d1 b6
17.cxb6 Qc7xb6
18.Ra1b1 Qb6a7
19.Bc1e3 Rf8b8
20.Bd1c2 a5
21.g4 Nf5xe3
22.Qd3xh7 Kf8
23.fxe3 Ke7
24.Nf3g5 Rb8h8
25.Qh7xg7 Ra8g8
26.Rf1xf7 Kd8
27.Qg7f6 Kc8
28.Ng5xe6 Rg8xg4
29.Kh1 Rg4h4
30.Rf7f8 Rh8xf8
31.Qf6xf8 { resign }
1-0

[Event "Fast Game"]
[Site "www.echecsemail.com"]
[Date "2015.07.20"]
[Round "1"]
[White "Pellix84"]
[Black "Vogue"]
[WhiteElo "1550"]
[BlackElo "1599"]
[Result "1-0"]
[Round "1"]
1.d4 Ng8f6
2.Ng1f3 e6
3.c4 b6
4.Nb1c3 Bf8b4
5.Bc1d2 c5
6.e3 Bc8b7
7.Bf1e2 O-O
8.O-O d6
9.a3 Bb4xc3
10.Bd2xc3 Nf6e4
11.Qd1c2 Nb8d7
12.Ra1d1 Ra8c8
13.dxc5 bxc5
14.Rd1d3 Ne4xc3
15.Qc2xc3 Qd8c7
16.Rf1d1 Nd7f6
17.Qc3b3 Rc8b8
18.Qb3c2 Bb7e4
19.Nf3g5 Be4g6
20.f3 d5
21.Qc2a4 Bg6xd3
{ time. }
1-0

[Event "Fast Game"]
[Site "www.echecsemail.com"]
[Date "2015.07.20"]
[Round "1"]
[White "Cirederf"]
[Black "Cheminet"]
[WhiteElo "1599"]
[BlackElo "1599"]
[Result "0-1"]
[Round "1"]
1.d4 Ng8f6
2.c4 e6
3.Nb1c3 d5
4.Bc1g5 g6
5.e3 Bf8g7
6.Ng1f3 c6
7.Bf1d3 O-O
 { time }
0-1

[Event "Fast Game"]
[Site "www.echecsemail.com"]
[Date "2015.07.20"]
[Round "1"]
[White "Cristiano"]
[Black "Cirederf"]
[WhiteElo "1529"]
[BlackElo "1599"]
[Result "1-0"]
[Round "1"]
1.f4 d5
2.d3 g6
3.g3 Bf8g7
4.Bf1g2 c6
5.Ng1f3 Bc8g4
6.Nb1d2 Nb8d7
7.O-O Qd8b6
8.Kh1 Ng8h6
9.c3  { time }
1-0

[Event "Fast Game"]
[Site "www.echecsemail.com"]
[Date "2015.07.20"]
[Round "1"]
[White "Fred59"]
[Black "Pellix84"]
[WhiteElo "1599"]
[BlackElo "1550"]
[Result "0-1"]
[Round "1"]
1.d4 d5
2.c4 c6
3.Nb1c3 Ng8f6
4.Ng1f3 h6
5.Bc1f4 Bc8g4
6.e3 Nb8d7
7.c5 Nf6h5
8.h3 Bg4xf3
9.Qd1xf3 Nh5xf4
10.Qf3xf4 e6
11.Bf1d3 b6
 { time }
0-1

[Event "Fast Game"]
[Site "www.echecsemail.com"]
[Date "2015.07.20"]
[Round "1"]
[White "Pellix84"]
[Black "Cirederf"]
[WhiteElo "1550"]
[BlackElo "1599"]
[Result "1-0"]
[Round "1"]
1.d4 Ng8f6
2.Ng1f3 c5
3.Nb1c3 cxd4
4.Qd1xd4 Nb8c6
5.Qd4d3 g6
6.h4 d5
7.Bc1g5 Bf8g7
8.O-O-O Bc8f5
9.Qd3b5 Qd8d7
10.Bg5xf6 Bg7xf6
11.Nc3xd5 Qd7e6
12.Nd5c7 { resign }
1-0

[Event "Fast Game"]
[Site "www.echecsemail.com"]
[Date "2015.07.20"]
[Round "1"]
[White "Wassupwiddat"]
[Black "Pellix84"]
[WhiteElo "1599"]
[BlackElo "1550"]
[Result "1-0"]
[Round "1"]
1.e4 c5
2.Ng1f3 d6
3.Bf1b5 Bc8d7
4.Bb5xd7 Qd8xd7
5.c4 Ng8f6
6.Nb1c3 a6
7.d4 cxd4
8.Nf3xd4 e5
9.Nd4f5 Nb8c6
10.O-O Ra8d8
11.Bc1g5 Nc6e7
12.Bg5xf6 gxf6
13.Nc3d5 Ne7xd5
14.cxd5 Rh8g8
15.Qd1h5 h6
16.Rf1c1 Qd7b5
17.Rc1c7 Rd8d7
18.Rc7c8 { resign }
1-0

[Event "Fast Game"]
[Site "www.echecsemail.com"]
[Date "2015.07.20"]
[Round "1"]
[White "Goodwill"]
[Black "Wassupwiddat"]
[WhiteElo "1599"]
[BlackElo "1599"]
[Result "0-1"]
[Round "1"]
1.d4 Ng8f6
2.c4 g6
3.Nb1c3 Bf8g7
4.e4 d6
5.Bf1e2 O-O
6.Bc1g5 h6
7.Bg5e3 e5
8.d5 Nb8d7
9.g4 Nd7c5
10.f3 a5
11.Qd1d2 c6
12.h4 cxd5
13.cxd5 h5
14.g5 Nf6e8
15.Be2d3 Bc8d7
16.Ng1e2 Ne8c7
17.a3 Nc5b3
{ resign }
0-1

[Event "Fast Game"]
[Site "www.echecsemail.com"]
[Date "2015.07.20"]
[Round "1"]
[White "Pellix84"]
[Black "Mitja"]
[WhiteElo "1550"]
[BlackElo "1590"]
[Result "0-1"]
[Round "1"]
1.d4 d5
2.Ng1f3 e6
3.c4 dxc4
4.e4 c6
5.a4 Bf8b4
6.Bc1d2 Bb4xd2
7.Nb1xd2 Ng8f6
8.Bf1xc4 Bc8d7
9.O-O b5
10.axb5 cxb5
11.Bc4b3 a6
12.Rf1e1 h6
13.Nd2f1 Bd7c6
14.Nf1g3 Bc6b7
15.Qd1d3 O-O
16.Bb3c2 g6
17.e5 Nf6h7
18.h4 Rf8e8
19.h5 Nh7f8
20.Kh2 Bb7xf3
21.Qd3xf3 Ra8a7
22.Re1h1 Qd8xd4
23.hxg6 fxg6
24.Qf3f6 Ra7f7
25.Ra1d1 Qd4b4
26.Ng3e4 Rf7xf6
27.Ne4xf6 Kf7
28.Nf6xe8 Kxe8
29.Kg1 h5
30.b3 Qb4c3
31.Rd1c1 Qc3d2
32.Kh2 Qd2f4
33.g3 Qf4xf2
34.Kh3 g5
35.Rh1f1 Qf2e3
36.Bc2g6 Nf8xg6
37.Rc1c8 Ke7
38.Rc8xb8 Qe3e2
39.Rb8b7 Kd8
{ resign }
0-1

[Event "Fast Game"]
[Site "www.echecsemail.com"]
[Date "2015.07.20"]
[Round "1"]
[White "Bojan"]
[Black "Mitja"]
[WhiteElo "1459"]
[BlackElo "1590"]
[Result "1-0"]
[Round "1"]
1.e4 d5
2.exd5 Qd8xd5
3.Nb1c3 Qd5d8
4.Bf1c4 e6
5.Ng1f3 c6
6.d4 h6
7.Nf3e5 Ng8f6
8.Bc1e3 Nb8d7
9.Be3f4 Nd7xe5
10.dxe5 Nf6d5
11.Nc3xd5 cxd5
12.Bc4e2 Bf8c5
13.Qd1d3 Bc5b6
14.O-O a6
15.Qd3g3 g5
16.Bf4d2 Bc8d7
17.Kh1 Bd7c6
18.Ra1d1 Qd8e7
19.f4 gxf4
20.Rf1xf4 O-O-O
21.Rd1f1 Rh8g8
22.Qg3b3 Bb6c7
23.Rf4xf7 Qe7h4
24.Rf1f4 Qh4g5
25.Be2f3 Bc7xe5
26.g3 Be5xf4
27.Bd2xf4 Qg5g6
28.Rf7c7 Kb8
29.Rc7g7 Kc8
30.Rg7xg6 Rg8xg6
31.Qb3b6 Rd8d7
32.Kg1 Rg6g7
33.Bf4xh6 Rg7h7
34.Bh6g5 Rd7f7
35.Qb6d8 { resign }
1-0

[Event "Fast Game"]
[Site "www.echecsemail.com"]
[Date "2015.07.20"]
[Round "1"]
[White "Pellix84"]
[Black "Bojan"]
[WhiteElo "1550"]
[BlackElo "1459"]
[Result "1-0"]
[Round "1"]
1.e4 e5
2.Ng1f3 d6
3.d4 exd4
4.Nf3xd4 Bc8d7
5.Bf1c4 g6
6.O-O Nb8c6
7.c3 Nc6e5
8.Bc4b3 Bf8g7
9.h3 c5
10.f4 Ne5c6
11.Nd4e2 Qd8b6
12.Kh1 Nc6a5
13.Bb3c2 O-O-O
14.Qd1d5 Bd7e6
15.Qd5g5 Na5c4
16.b3 Nc4a5
17.f5 Bg7f6
18.Qg5f4 Be6d7
19.Nb1a3 Na5c6
20.Na3c4 Bf6e5
21.Qf4g5 f6
22.Nc4xb6 axb6
23.Qg5e3 Ng8e7
24.Ne2g3 Rh8g8
25.Bc1d2 Kc7
26.Ra1b1 g5
27.b4 Rd8a8
28.a4 Nc6a7
29.a5 Na7c8
30.axb6 Nc8xb6
31.bxc5 dxc5
32.Qe3xc5 Kb8
33.Qc5xe7 Rg8e8
34.Qe7b4 Ra8a6
35.Bc2d3 { resign }
1-0

[Event "Fast Game"]
[Site "www.echecsemail.com"]
[Date "2015.07.20"]
[Round "1"]
[White "Stevep84"]
[Black "Guidom"]
[WhiteElo "2010"]
[BlackElo "1890"]
[Result "0-1"]
[Round "1"]
1.e4 e5
2.Ng1f3 Nb8c6
3.Bf1b5 a6
4.Bb5xc6 dxc6
5.O-O Bc8g4
6.h3 Bg4xf3
7.Qd1xf3 Qd8f6
8.Qf3b3 O-O-O
9.d3 Bf8c5
10.Bc1e3 Bc5d6
11.Nb1d2 Ng8e7
12.a4 Qf6e6
13.Qb3c3 f5
14.b4 f4
15.Be3c5 g5
16.b5 Bd6xc5
17.Qc3xc5 b6
18.Qc5a3 a5
19.Rf1d1 c5
20.Nd2f3 h6
21.Qa3a2 Qe6xa2
22.Ra1xa2 Ne7g6
23.c3 Rd8d6
24.Ra2d2 Rh8d8
25.d4 cxd4
26.cxd4 exd4
27.Rd2xd4 Rd6xd4
28.Rd1xd4 Rd8xd4
29.Nf3xd4 Ng6e5
30.Nd4f5 h5
31.Nf5g7 h4
32.Ng7e6 Ne5f7
33.Kf1 Kd7
34.Ne6d4 Nf7e5
35.Ke2 Kd6
36.Kd2 Ne5d7
37.Nd4e2 Nd7c5
38.Ne2c3 Ke5
39.f3 Kd4
40.Kc2 { time. }
0-1

[Event "Fast Game"]
[Site "www.echecsemail.com"]
[Date "2015.07.20"]
[Round "1"]
[White "Bojan"]
[Black "Yangqi"]
[WhiteElo "1459"]
[BlackElo "1609"]
[Result "0-1"]
[Round "1"]
1.e4 g6
2.d4 Bf8g7
3.c3 d6
4.Ng1f3 Ng8f6
5.Bf1d3 O-O
6.Bc1e3 Nb8c6
7.Nb1d2 e5
8.d5 Nc6e7
9.h3 c6
10.c4 Nf6h5
11.g3 f5
12.Be3g5 Nh5f6
13.Nf3h2 fxe4
14.Nd2xe4 cxd5
15.cxd5 Bc8xh3
16.Ne4xf6 Bg7xf6
17.Bg5h6 Qd8a5
18.Qd1d2 Qa5xd5
19.Rh1g1 Bf6g7
20.Bh6g5 e4
21.Bg5xe7 exd3
22.Be7xf8 Ra8xf8
23.Nh2f1 Bg7d4
24.Nf1e3 Bd4xe3
25.Qd2xe3 Qd5a5
26.Kd1 Bh3g4
27.Kc1 Qa5c7
28.Kd2 Qc7c2
29.Ke1 d2
30.Kf1 Bg4h3
31.Ke2 d1Q
{ resign }
0-1

[Event "Fast Game"]
[Site "www.echecsemail.com"]
[Date "2015.07.20"]
[Round "1"]
[White "Mitja"]
[Black "Nitink1"]
[WhiteElo "1590"]
[BlackElo "1599"]
[Result "1-0"]
[Round "1"]
1.d4 Ng8f6
2.e3 c5
3.dxc5 Nb8c6
4.c3 e5
5.Nb1d2 Bf8xc5
6.Nd2b3 Bc5e7
7.Ng1f3 e4
8.Nf3d4  { time }
1-0

[Event "Tourn. n8219"]
[Site "www.chess-mail.com"]
[Date "2015.07.21"]
[Round "1"]
[White "Cathar"]
[Black "Sonivano"]
[WhiteElo "2300"]
[BlackElo "2320"]
[Result "0-1"]
[Round "1"]
1.e4 e5
2.Ng1f3 Nb8c6
3.Bf1b5 Nc6d4
4.Nf3xd4 exd4
5.O-O c6
6.Bb5a4 Ng8f6
7.d3 Bf8e7
8.c3 c5
9.cxd4 cxd4
10.Nb1d2 O-O
11.Nd2f3 Be7c5
12.Ra1b1 a5
13.a3 d5
14.e5 Nf6d7
15.b4 axb4
16.axb4 Qd8b6
17.Bc1d2 Bc5e7
18.Ba4b3 Qb6b5
19.Qd1c2 Qb5c6
20.Rf1c1 Ra8a6
21.Qc2d1 Qc6e6
22.Qd1e1 Rf8e8
23.Rc1c7 Be7f8
24.Rb1c1 Nd7b6
25.Nf3xd4 Qe6xe5
26.Qe1xe5 Re8xe5
27.f4 Re5e8
28.h3 Bf8d6
29.Rc7c2 Bc8d7
30.Kf2 h5
31.Kf3 g6
32.g4 hxg4
33.hxg4 f5
34.gxf5 gxf5
35.Rc1g1 Kf7
36.Bd2c3 Re8g8
37.Rg1xg8 Kxg8
38.Rc2g2 Kf7
39.Nd4c2 Bd6f8
40.Bc3b2 Bd7a4
41.Bb3xa4 Ra6xa4
42.Bb2c3 Ra4a2
43.Nc2d4 Ra2a3
44.Bc3b2 Ra3xd3
45.Ke2 Rd3h3
46.Nd4xf5 Rh3b3
{ resign }
0-1

[Event "Tourn. n8304"]
[Site "www.chess-mail.com"]
[Date "2015.07.21"]
[Round "1"]
[White "Pipas"]
[Black "Mitja"]
[WhiteElo "1670"]
[BlackElo "1660"]
[Result "0-1"]
[Round "1"]
1.e4 d5
2.e5 a6
3.d4 h6
4.c4 dxc4
5.Bf1xc4 c6
6.Ng1f3 e6
7.a3 Nb8d7
8.b4 b5
9.Bc4b3 Nd7b6
10.O-O Ng8e7
11.h3 Bc8b7
 { time }
0-1

[Event "Tourn. n8191"]
[Site "www.chess-mail.com"]
[Date "2015.07.21"]
[Round "1"]
[White "Albertf"]
[Black "Flick"]
[WhiteElo "1710"]
[BlackElo "1600"]
[Result "0-1"]
[Round "1"]
1.e4 e5
2.Ng1f3 Nb8c6
3.Bf1c4 Bf8e7
4.d4 exd4
5.Nf3xd4 Ng8f6
6.Nb1c3 Nc6e5
7.Bc4b3 a6
8.O-O b5
9.Bc1g5 c6
10.f4 Ne5c4
11.e5 Nc4e3
12.Qd1e2 Nf6g4
13.Bg5xe7 Qd8xe7
14.h3 Ne3xf1
15.Qe2xf1 Ng4e3
16.Qf1e2 Ne3c4
17.Bb3xc4 Qe7c5
18.Bc4xf7 Kxf7
19.Qe2e4 Bc8b7
20.e6 Ke7
21.Kh2 g6
22.Ra1e1 Qc5d6
23.exd7 Kxd7
24.Re1d1 Kc8
25.Nd4f5 Qd6f6
26.Qe4d3 Kb8
27.Qd3d6 Qf6xd6
28.Nf5xd6 b4
29.Nc3a4 Kc7
30.Na4c5 Ra8b8
31.Nc5xb7 Kb6
32.c3 bxc3
33.bxc3 Rb8d8
34.c4 c5
35.Rd1b1 Kc7
36.Nd6f7 Rd8b8
37.Nf7xh8 Rb8xb7
38.Rb1e1 Kd6
 { time }
0-1

[Event "Match"]
[Site "www.echecsemail.com"]
[Date "2015.07.21"]
[Round "1"]
[White "Paco"]
[Black "Culiflori"]
[WhiteElo "1820"]
[BlackElo "999"]
[Result "0-1"]
[Round "1"]
1.e4 e5
2.Ng1f3 Nb8c6
3.d4 exd4
4.Nf3xd4 Bf8c5
5.c3 d6
6.Qd1f3 Nc6xd4
7.Qf3d3 Nd4c6
8.b4 Bc5b6
9.Qd3f3 Ng8f6
10.a4 a5
11.b5 Nc6e5
12.Qf3f4 O-O
13.h4 Rf8e8
14.Nb1d2 Bc8e6
15.h5 h6
16.c4 Ne5g4
17.f3 Ng4e5
18.g4 Bb6d4
19.Ra1a3 Bd4c5
20.Ra3c3 Bc5b4
21.Rc3e3 Ne5xc4
22.Bf1xc4 Be6xc4
23.g5 hxg5
24.Qf4xg5 Nf6d5
25.Qg5xd8 Ra8xd8
26.Kf2 Nd5xe3
27.Kxe3 Bb4xd2
28.Bc1xd2 b6
29.Kd4 Bc4b3
30.Rh1g1 Bb3xa4
31.Bd2h6 Kh7
32.Bh6xg7 Ba4xb5
33.Bg7f6 Re8g8
34.Bf6xd8 Rg8xg1
35.Bd8xc7 Rg1d1
36.Ke3 Bb5c6
37.Bc7xb6 a4
38.Ke2 Rd1b1
39.Bb6c7 a3
40.Bc7xd6 Rb1b2
41.Kd1 a2
{ resign }
0-1

[Event "Tourn. n8299"]
[Site "www.chess-mail.com"]
[Date "2015.07.22"]
[Round "1"]
[White "Amaya"]
[Black "Hundegana"]
[WhiteElo "1920"]
[BlackElo "1950"]
[Result "0-1"]
[Round "1"]
1.d4 c5
2.c3 Ng8f6
3.e3 d6
4.f4 Bc8d7
5.Bf1d3 a6
6.Nb1d2 Bd7c6
7.Ng1f3 h6
8.O-O b5
9.a3 c4
10.Bd3c2 d5
11.Nf3e5 Nf6d7
12.Qd1h5 g6
13.Ne5xg6 Nd7f6
14.Qh5f5 fxg6
15.Qf5xg6 Kd7
16.Bc2f5 Kc7
17.Nd2f3 Bc6e8
18.Qg6g3 Nb8c6
19.Nf3e5 e6
20.Bf5xe6 Nc6xe5
21.fxe5 Nf6e4
22.Qg3h3 Ne4g5
23.Qh3g4 Be8d7
24.Be6xd7 Qd8xd7
25.Qg4g3 Ng5e6
26.Qg3g6 Rh8g8
27.Qg6h5 Rg8g5
28.Qh5e2 Bf8g7
29.e4 Rg5g6
30.exd5 Qd7xd5
31.Rf1f7 Kc6
32.Bc1d2 Ra8f8
33.Ra1f1 Rf8xf7
34.Rf1xf7 Ne6xd4
35.cxd4 Qd5xf7
36.Qe2e4 Kc7
37.Bd2f4 Kb6
38.g3 Rg6g4
39.e6 Qf7xf4
{ resign }
0-1

[Event "Tourn. n8285"]
[Site "www.chess-mail.com"]
[Date "2015.07.22"]
[Round "1"]
[White "Louis"]
[Black "Drdoom"]
[WhiteElo "1680"]
[BlackElo "1700"]
[Result "1-0"]
[Round "1"]
1.e4 e5
2.Ng1f3 d6
3.d4 Bc8g4
4.dxe5 Bg4xf3
5.Qd1xf3 dxe5
6.Bf1c4 Ng8f6
7.Nb1c3 Bf8b4
8.O-O Bb4xc3
9.Qf3xc3 Qd8e7
10.Qc3b3 b6
11.Bc1g5 Nb8d7
12.Bc4b5 O-O
13.Ra1d1 Nd7c5
14.Qb3a3 Rf8d8
15.f3 a6
16.Bb5e2 h6
17.Bg5e3 Rd8e8
18.Rd1d2 Re8d8
19.Rd2xd8 Qe7xd8
20.Be3xc5 bxc5
21.Qa3xc5 Nf6d7
22.Qc5c6 a5
23.Rf1d1 { resign }
1-0